|
|
|
|
| LEADER |
02873nam a2200397 i 4500 |
| 001 |
10077247 |
| 003 |
GR-PaULI |
| 005 |
20220223105842.0 |
| 008 |
090729q199 gr g 1 grc d |
| 952 |
|
|
|0 0
|1 0
|3 τ.1
|4 0
|6 880_800000000000000_BSG
|7 0
|9 79908
|a LTRT
|b LTRT
|d 2016-04-24
|i 004470
|l 0
|o 880.8 BSG
|p 025000100724
|r 2016-04-24 00:00:00
|t 1
|v 2016.00
|w 2016-04-24
|y BK15
|
| 952 |
|
|
|0 0
|1 0
|3 τ.2
|4 0
|6 880_800000000000000_BSG
|7 0
|9 79909
|a LTRT
|b LTRT
|d 2016-04-24
|i 004471
|l 0
|o 880.8 BSG
|p 025000100726
|r 2016-04-24 00:00:00
|t 1
|v 2016.00
|w 2016-04-24
|y BK15
|
| 952 |
|
|
|0 0
|1 0
|2 ddc
|3 τ. 1
|4 0
|6 183_200000000000000_ΞΕΝ
|7 0
|9 241847
|a LISP
|b LISP
|c BSC
|d 2020-07-10
|i 114803
|l 0
|o 183.2 ΞΕΝ
|p 025000257426
|r 2020-07-10 00:00:00
|t 2
|v 2020.00
|w 2020-07-10
|y BK15
|
| 952 |
|
|
|0 0
|1 0
|2 ddc
|3 τ. 1
|4 0
|6 183_200000000000000_ΞΕΝ
|7 0
|9 241848
|a LISP
|b LISP
|c BSC
|d 2020-07-10
|i 115270
|l 0
|o 183.2 ΞΕΝ
|p 025000257427
|r 2020-07-10 00:00:00
|t 3
|v 2020.00
|w 2020-07-10
|y BK15
|
| 999 |
|
|
|c 53092
|d 53092
|
| 020 |
|
|
|a 9602062304
|q (τ. 2)
|
| 040 |
|
|
|a GR-PaULI
|b gre
|c GR-PaULI
|e AACR2
|
| 082 |
0 |
4 |
|a 880.8
|2 23
|
| 082 |
0 |
4 |
|a 183.2
|2 23
|
| 100 |
0 |
|
|9 34411
|a Ξενοφών,
|d π. 430-π. 350,
|e συγγραφέας.
|
| 245 |
0 |
0 |
|a Xenophontis scripta minora /
|c Xenophontis ; post Ludovicum Dindorf ; edidit Th. Thalheim, Franciscus Ruehl.
|
| 260 |
|
|
|a Lipsiae :
|b B. G. Teubner,
|c 1866.
|
| 300 |
|
|
|a 2 τ.
|c 18 εκ.
|
| 490 |
1 |
|
|a Bibliotheca scriptorum graecorum et romanorum Teubneriana
|
| 500 |
|
|
|a Κείμενο στα αρχαία ελληνικά, πρόλογος στα λατινικά.
|
| 500 |
|
|
|a Fasc. prior: Oeconomicum, Convivium, Hieronem, Agesilaum, Apologiam Socrates -- Fasc. posterior: Opuscula, Politica, Equestria, Venatica.
|
| 500 |
|
|
|a Οι εκδόσεις Δημ. Ν. Παπαδήμα παρουσιάζουν στο ελληνικό κοινό τα έργα των Αρχαίων Ελλήνων και Λατίνων συγγραφέων σε φωτοτυπική αναπαραγωγή και καλαίσθηστη βιβλιοδεσία, από τις διεθνώς αναγνωρισμένες εκδόσεις Teubner - Lipsiae.
|
| 600 |
1 |
4 |
|9 34411
|a Ξενοφών,
|d π. 430-π. 350.
|
| 650 |
|
4 |
|a Ελληνική φιλολογία
|x Βιβλιογραφία.
|9 55994
|
| 651 |
|
4 |
|a Ελλάδα, Αρχαία
|x Ιστοριογραφία.
|9 57921
|
| 700 |
1 |
|
|a Dindorf, Ludwig August,
|d 1805-1871
|9 77687
|e επιμελητής.
|
| 700 |
1 |
|
|a Thalheim, Theodor,
|d 1847-1921,
|9 77676
|e συγγραφέας.
|
| 830 |
|
0 |
|9 161755
|a Bibliotheca scriptorum graecorum et romanorum Teubneriana
|
| 852 |
|
|
|a GR-PaULI
|b ΠΑΤΡΑ
|b ΦΙΛΟΛΟΓΙΑ
|k ΔΑΝΕΙΖ-6
|h 880.8 BSG
|m 004470
|p 025000100724
|t 1
|3 τ.1
|
| 852 |
|
|
|a GR-PaULI
|b ΠΑΤΡΑ
|b ΦΙΛΟΛΟΓΙΑ
|k ΔΑΝΕΙΖ-6
|h 880.8 BSG
|m 004471
|p 025000100726
|t 1
|3 τ.2
|
| 942 |
|
|
|2 ddc
|c BK15
|
| 998 |
|
|
|c ΛΟΤΣΑΡΗ
|d 2020-07
|